| 000 | 00903nas a2200289 4500 | ||
|---|---|---|---|
| 001 | BR0901634 | ||
| 003 | BR-BrBNA | ||
| 005 | 20231205112618.0 | ||
| 007 | ta | ||
| 008 | 230509b bl.|||p| |||| 00| 00por d | ||
| 040 |
_aBR-BrBNA _bpor _cBiblioteca Nacional de Agricultura |
||
| 041 | _a(Pt) | ||
| 072 | _aF03 | ||
| 100 | 1 | _aLeonhardt, C. | |
| 100 | 1 | _aCalil, A.C. | |
| 100 | 1 | _aSouza, L. dos S. de | |
| 100 | 1 | _aSilva, V.S. da | |
| 245 | 1 | _aComportamento germinativo de sementes de limoeiro-do-mato Randia ferox (Cham. e Schlecht.)DC. (Rubiaceae)armazenada em camara seca | |
| 650 | _aPLANTA ORNAMENTAL | ||
| 650 | _aPAISAGISMO | ||
| 650 | _aSEMENTE | ||
| 650 | _aGERMINAÇÃO | ||
| 650 | _aARMAZENAMENTO | ||
| 773 | 0 |
_tPesquisa Agropecuaria Gaucha (Brazil) _xISSN 0104-9070 _g(2008), v. 14(2) p. 161-167 _wBR0901634 |
|
| 909 |
_a202311 _bLúcia _c55 _dLúcia Elande |
||
| 942 |
_2AGRIS _n0 _cANA |
||
| 999 |
_c198956 _d198956 |
||